| 000 | 00506nam a2200145 4500 | ||
|---|---|---|---|
| 999 |
_c10352 _d10352 |
||
| 008 | 180823b ||||| |||| 00| 0 eng d | ||
| 022 | _a2094-8042 | ||
| 082 | _aDPer 370.105 M72 Jan-Dec 2011 v59-60 | ||
| 100 |
_930464 _aNgipol, Veronica B. |
||
| 245 |
_aLesson plan in Science & Health 6/ _cVeronica B. Ngipol. |
||
| 260 |
_aPhilippines: _bIn the Grade School, Inc., _cc2011. |
||
| 300 |
_av60 n2, pages 59+; _c27cm. |
||
| 650 | 0 |
_930465 _aProgrammed instruction _xSciene and health. |
|
| 942 |
_2ddc _cPER |
||